Anti-racist social work : (Record no. 165850)

MARC details
000 -LEADER
fixed length control field 00706nam a2200229ia 4500
008 - FIXED-LENGTH DATA ELEMENTS--GENERAL INFORMATION
fixed length control field
020 ## - INTERNATIONAL STANDARD BOOK NUMBER
International Standard Book Number 0333687191 (pbk.)
049 ## - LOCAL HOLDINGS (OCLC)
Holding library MAIN
050 1# - LIBRARY OF CONGRESS CALL NUMBER
Classification number HV245 DOM
003 - CONTROL NUMBER IDENTIFIER
control field
005 - DATE AND TIME OF LATEST TRANSACTION
control field 20230123134431.0
040 ## - CATALOGING SOURCE
Transcribing agency NUST
100 10 - MAIN ENTRY--PERSONAL NAME
Personal name Dominelli, Lena.
245 10 - TITLE STATEMENT
Title Anti-racist social work :
Remainder of title a challenge for white practitioners and educators /
Statement of responsibility, etc. by Lena Dominelli.
260 0# - PUBLICATION, DISTRIBUTION, ETC.
Place of publication, distribution, etc. Basingstoke :
Name of publisher, distributor, etc. Macmillan Education,
Date of publication, distribution, etc. 1988.
300 ## - PHYSICAL DESCRIPTION
Extent xvi,192 p. ;
Dimensions 22 cm.
500 ## - GENERAL NOTE
General note includes index
504 ## - BIBLIOGRAPHY, ETC. NOTE
Bibliography, etc. note Includes bibliography.
650 #0 - SUBJECT ADDED ENTRY--TOPICAL TERM
Topical term or geographic name entry element Social service and race relations
Geographic subdivision Great Britain.
907 ## - LOCAL DATA ELEMENT G, LDG (RLIN)
a .b10240846
b 25-04-07
c 25-04-07
942 ## - ADDED ENTRY ELEMENTS (KOHA)
Koha item type Ordinary Loan Books
Holdings
Date last seen Total Checkouts Full call number Barcode Cost, replacement price Price effective from Koha item type Lost status Source of classification or shelving scheme Damaged status Not for loan Collection Withdrawn status Home library Current library Shelving location Date acquired Cost, normal purchase price
01/23/2023   HV245 DOM 92004006168 80.00 01/23/2023 BOOKS   LCC     NFIC   MAIN MAIN GEN 01/23/2023 80.00